Fromages Franc-contois - Statistiques

Statistiques générales
  • Ce quiz a été pris 42 fois
    38 depuis la dernière actualisation
  • Le résultat moyen est 4 sur 9
Answers on the Grid
Answers color-coded by a green-red scale on the quiz's grid according to % correct below.
Comté
Bleu du gers
Cancoillotte
morbier
Emmental
Abondance
Vache kiri
Babybel
Beaufort
Bilou
Boursin
Brie de Coulommiers
Ortolan
Epoisses
Mont d'or
Gruyeres
 
Statistiques - réponses
Réponse % Correct
Comté
94%
morbier
69%
Cancoillotte
59%
Mont d'or
50%
Vache kiri
38%
Emmental
16%
Gruyeres
16%
Ortolan
16%
Bilou
13%
Aucun quiz correspondant
Distribution des résultats
% des personnes avec chaque résultat
Percentile par nombre de réponses
Votre historique - résultats
Vous n’avez pas pris ce quiz depuis la dernière actualisation